| 000 | 00585nam a22001937a 4500 | ||
|---|---|---|---|
| 005 | 20140917115130.0 | ||
| 010 | _aENG-110873 | ||
| 020 |
_a9789351431831 _c180.00 |
||
| 035 | _aEN-94405 | ||
| 037 | _bDBAD/PUB | ||
| 082 | _a346.54066 | ||
| 100 | _aRosedar S. R. A. | ||
| 245 |
_aCompany law / _cby Rosedar S. R. A. |
||
| 260 |
_aGurgaon _bLexis Nexis _c2014 |
||
| 270 |
_a14th Floor, Building No.10, Tower-B, DLF Cyber City, Phase-II _bGurgaon _e122002 |
||
| 300 |
_a82p. _c22cm(pbk) |
||
| 490 | _aQuick reference guide series | ||
| 942 |
_2ddc _cEN _mROS _h346.54066 |
||
| 999 |
_c88703 _d88703 |
||